00980nam a22002297a 4500999001500000001000600015003000900021005001700030008004100047020001500088040003800103082001900141100001800160245011100178260006100289300002800350650005500378650007100433942001200504952011700516952011700633 c3884d388415399BD-DhUAP20200315101927.0200315r20041970si ||||| |||| 001 0 eng d a8178082136 aBD-DhUAPbEngcBD-DhUAPdBD-DhUAP 223a428.24 BYR aByrne, Donn.  aIntermediate comprehension passages : bwith recall exercises and aural comprehension tests /cDonn Byrne. aSingapore :bPearson education,cc1970 [Reprinted 2004]. avi, 122 pages ;c18 cm. aEnglish language vTextbooks for foreign speakers. aEnglish languagevReading comprehensionxProblems, exercises, etc. 2ddccBK 00102ddc4070aUAPCLbUAPCLcGeneral Stacksd2020-03-15o428.24 BYRp3010015399r2020-03-15t1w2020-03-15yBK 00102ddc4070aUAPCLbUAPCLcGeneral Stacksd2020-03-15o428.24 BYRp3010015439r2020-03-15t2w2020-03-15yBK